000 00540nam a22001937a 4500
003 KOHA_MİRAKIL
005 20251112155451.0
008 251112b tu ||||| |||| 00| 0 tur d
020 _a978975080810x
040 _aTR-AnABB
_btur
_cTR-AnABB
041 _atur
082 _a833.914
_bBAC 2012
100 1 _aBachmann, İngeborg,
245 1 0 _aMalina /
_cİngeborg Bachmann
260 _aİstanbul :
_bYapı Kredi Yayınları,
_c2012
300 _a303 sayfa ;
_c21 cm
650 0 4 _aAvusturya edebiyatı, roman
942 _2ddc
_cBK
999 _c9383
_d9383
900 _bGizem YORULMAZ